Movies Quiz

Random Movies or Cast Quiz
Score 0/20 Timer 05:00
0 Plays Today
Character % Correct
Peter Ostrum as Charlie Bucket
98.9%
Denise Nickerson as Violet Beauregarde
83.9%
Malcolm Dixon as an Oompa Loompa
81.6%
Gene Wilder as Willy Wonka
79.6%
Michael Bollner as Augustus Gloop
73%
Julie Dawn Cole as Veruca Salt
71%
Paris Themmen as Mike Teevee
66.1%
Nora Denney as Mrs. Teevee
61.5%
Jack Albertson as Grandpa Joe
58.5%
Ursula Reit as Mrs. Gloop
57.8%
Character % Correct
Diana Sowle as Mrs. Bucket
54.9%
Roy Kinnear as Mr. Salt
54.5%
Leonard Stone as Mr. Beauregarde
44.5%
Franziska Liebing as Grandma Josephine
37.8%
Günter Meisner as Arthur Slugworth/Wilkinson
37.6%
Ernst Ziegler as Grandpa George
37%
Dora Altmann as Grandma Georgina
34.4%
Aubrey Woods as Bill the Candyman
33.6%
David Battley as Mr. Turkentine
5.5%
Peter Stuart as Winkleman
3.5%
Remove Ads.
Support Sporcle.
Get the best of Sporcle when you Go Orange. This ad-free experience offers more features, more stats, and more fun while also helping to support Sporcle. Thank you for becoming a member.

You're not logged in!

Compare scores with friends on all Sporcle quizzes.
OR
Log In

Show Comments

Extras

Top Quizzes Today


Score Distribution

Your Account Isn't Verified!

In order to create a playlist on Sporcle, you need to verify the email address you used during registration. Go to your Sporcle Settings to finish the process.

Report this User

Report this user for behavior that violates our Community Guidelines.

Details: